|
|
|
|
| LEADER |
00000nkm a2200000 a 4500 |
| 001 |
vtls011809429 |
| 003 |
SK-MaSNL |
| 005 |
20260425230809.0 |
| 007 |
kf bo |
| 008 |
240409s1991 xo g kuslo |
| 035 |
|
|
|a urn:nbn:sk:snk-km00ech8
|
| 035 |
|
|
|a urn:nbn:sk:snk-km43bpx
|
| 035 |
|
|
|a 614C480E-6E16-4CE4-9967-A41067D71482
|
| 040 |
|
|
|a SNK
|b slo
|c SNK
|e AACR2
|
| 041 |
0 |
|
|a slo
|
| 043 |
|
|
|a e-xo---
|
| 044 |
|
|
|a xo
|c SK
|
| 072 |
|
7 |
|a 394
|x Verejný a spoločenský život. Každodenný život
|2 konspekt
|
| 080 |
|
|
|a 394.46
|2 2011
|
| 080 |
|
|
|a (084.5)
|2 2011
|
| 245 |
0 |
0 |
|a Augustové slávnosti v Martine
|b programovo - propagačný plagát
|h grafika
|
| 260 |
|
|
|a Martin
|b Matica slovenská
|c 1991
|
| 300 |
|
|
|a 1 plagát
|b farebný
|c 61 x 43 cm
|
| 520 |
8 |
|
|a Na bielom podklade text čiernej, modrej a červenej farby, vľavo emblém Matice slovenskej vo farebnosti bielo-modro-červenej, vpravo emblém mesta Martin vo farebnosti bielo-modrej, v dolnej časti emblémy spoluorganizátorov v bielo-čiernej farebnosti
|
| 648 |
|
7 |
|a 2.-4. 8. 1991
|2 SNKPH
|9 433070
|
| 650 |
0 |
7 |
|a kultúrne slávnosti
|2 SNKPH
|9 346840
|
| 651 |
|
7 |
|a Slovensko
|2 SNKPH
|9 14231
|
| 655 |
|
7 |
|a plagáty
|2 SNKPH
|9 70571
|
| 852 |
|
|
|a Slovenská národná knižnica v Martine
|
| 958 |
|
|
|a CP
|
| 999 |
|
|
|c 686142
|d 688072
|
| 952 |
|
|
|a SNKLM
|b SNKLM
|y PREZ
|7 0
|p 17A1262292
|o snklm L 1837
|i snklm 135/91
|8 7
|0 0
|1 0
|4 0
|d 2018-11-15
|f 1
|l 0
|r 2026-02-23 20:12:04
|w 2026-02-23
|